Statistiques concernant Football: Les Quarts de Finale en Coupe du Monde depuis 1986

Cliquez ici pour prendre le quiz!

Statistiques générales

  • Ce quiz a été pris 567 fois
    (325 depuis la dernière actualisation)
  • Le résultat moyen est 28 sur 33

Statistiques - réponses

Réponse% Correct
Brésil
100%
France
100%
Angleterre
99%
Argentine
99%
Portugal
99%
Allemagne
98%
Croatie
98%
Espagne
98%
Italie
98%
Maroc
98%
RFA
98%
Belgique
96%
Pays-Bas
96%
Uruguay
94%
Russie
92%
Suède
90%
Colombie
86%
Corée du Sud
86%
Etats-Unis
83%
Danemark
81%
Mexique
80%
Yougoslavie
79%
Ghana
78%
Turquie
78%
Sénégal
73%
Tchécoslovaquie
70%
Cameroun
65%
Costa Rica
64%
Irlande
63%
Paraguay
61%
Ukraine
61%
Bulgarie
60%
Roumanie
56%

Distribution des résultats

Percentile par nombre de réponses

% des personnes avec chaque résultat

Votre développement - résultats

Vous n’avez pas pris ce quiz depuis la dernière actualisation